[Event "Oberliga Bayern 1011"]
[Site "Germany"]
[Date "2011.04.10"]
[Round "9.7"]
[White "Thanner, Hans Peter"]
[Black "Spiesberger, Gerhard"]
[Result "0-1"]
[WhiteElo "2022"]
[BlackElo "2124"]
[PlyCount "76"]
[EventDate "2010.10.10"]
[EventType "team-tourn"]
[EventRounds "9"]
[EventCountry "GER"]
[SourceTitle "EXT 2012"]
[Source "ChessBase"]
[SourceDate "2011.11.24"]
[SourceVersion "1"]
[SourceVersionDate "2011.11.24"]
[SourceQuality "1"]
[WhiteTeam "Regensburg Fortuna"]
[BlackTeam "Rottal"]
[WhiteTeamCountry "GER"]
[BlackTeamCountry "GER"]

1. e4 d5 2. exd5 Qxd5 3. d4 e5 4. Nf3 exd4 5. Qxd4 Nf6 6. Nc3 Qxd4 7. Nxd4 c6 8. Bg5 Bb4 9. Bxf6 gxf6 10. Bd3 Be6 11. 0-0 Nd7 12. Bf5 Nc5 13. Nce2 Bxf5 14. Nxf5 Ne6 15. Rad1 Rd8 16. Neg3 Rg8 17. Ne4 Be7 18. Ned6+ Bxd6 19. Nxd6+ Ke7 20. Nf5+ Ke8 21. Rxd8+ Kxd8 22. Nd6 Ke7 23. Nxb7 Rb8 24. Na5 Rxb2 25. Nxc6+ Kd7 26. Na5 Rxa2 27. Nc4 Rxc2 28. Rd1+ Kc6 29. Nd6 a5 30. Nxf7 a4 31. Kf1 a3 32. Rd6+ Kb5 33. Rxe6 a2 34. Nd6+ Kc5 35. Nb7+ Kb5 36. Nd6+ Ka4 37. Re1 Rb2 38. Ne4 Kb4 0-1

[Event "Oberliga Bayern 1011"]
[Site "Germany"]
[Date "2011.02.27"]
[Round "7.8"]
[White "Poppe, Heiko"]
[Black "Thanner, Hans Peter"]
[Result "1-0"]
[WhiteElo "2074"]
[BlackElo "2022"]
[PlyCount "77"]
[EventDate "2010.10.10"]
[EventType "team-tourn"]
[EventRounds "9"]
[EventCountry "GER"]
[SourceTitle "EXT 2012"]
[Source "ChessBase"]
[SourceDate "2011.11.24"]
[SourceVersion "1"]
[SourceVersionDate "2011.11.24"]
[SourceQuality "1"]
[WhiteTeam "Wuerzburg"]
[BlackTeam "Regensburg Fortuna"]
[WhiteTeamCountry "GER"]
[BlackTeamCountry "GER"]

1. e4 e6 2. d4 d5 3. Nc3 Nf6 4. Bg5 Be7 5. e5 Nfd7 6. Bxe7 Qxe7 7. f4 0-0 8. Nf3 c5 9. Nb5 Nc6 10. Bd3 f6 11. c3 cxd4 12. cxd4 Qb4+ 13. Qd2 Nb6 14. Rc1 Bd7 15. a3 Qxd2+ 16. Kxd2 fxe5 17. fxe5 Na5 18. Nd6 Nb3+ 19. Ke3 Nxc1 20. Rxc1 Nc4+ 21. Bxc4 dxc4 22. Nxb7 Rab8 23. Nc5 Bc6 24. Nxe6 Rb3+ 25. Rc3 Rfb8 26. Nf4 g5 27. Nxg5 Rxb2 28. d5 R8b3 29. Kd4 Bb5 30. Ne4 Rxc3 31. Nxc3 Ba6 32. e6 Kg7 33. d6 Rb8 34. Ke5 Kf8 35. Nfd5 Bb7 36. d7 Bxd5 37. Nxd5 c3 38. e7+ Kf7 39. d8Q 1-0

[Event "Oberliga Bayern 0910"]
[Site "Bayern"]
[Date "2009.11.29"]
[Round "3.8"]
[White "Bolduan, Sebastian"]
[Black "Thanner, Hans Peter"]
[Result "1/2-1/2"]
[WhiteElo "2082"]
[BlackElo "2058"]
[PlyCount "41"]
[EventDate "2009.10.18"]
[EventType "team-tourn"]
[EventRounds "9"]
[EventCountry "GER"]
[SourceTitle "EXT 2011"]
[Source "ChessBase"]
[SourceDate "2010.11.26"]
[SourceVersion "1"]
[SourceVersionDate "2010.11.26"]
[SourceQuality "1"]
[WhiteTeam "Nuernberg NT II"]
[BlackTeam "Regensburg Fortuna"]
[WhiteTeamCountry "GER"]
[BlackTeamCountry "GER"]

1. e4 e6 2. d3 d5 3. Nd2 Nf6 4. Ngf3 c5 5. Be2 Nc6 6. c3 Qc7 7. 0-0 Bd6 8. Qc2 0-0 9. Re1 b5 10. Nf1 h6 11. Be3 a5 12. Rad1 b4 13. exd5 Nxd5 14. c4 Nxe3 15. fxe3 e5 16. Kh1 Bf5 17. e4 Be6 18. Ne3 f5 19. exf5 Bxf5 20. Nxf5 Rxf5 21. d4 1/2-1/2

[Event "Regionalliga NO 0809"]
[Site "Bayern"]
[Date "2008.12.14"]
[Round "4.4"]
[White "Thanner, Hans Peter"]
[Black "Roeber, Juergen"]
[Result "1/2-1/2"]
[WhiteElo "2032"]
[BlackElo "2077"]
[PlyCount "24"]
[EventDate "2008.10.05"]
[EventType "team-tourn"]
[EventRounds "9"]
[EventCountry "GER"]
[SourceTitle "EXT 2020"]
[Source "ChessBase"]
[SourceDate "2019.10.17"]
[SourceVersion "1"]
[SourceVersionDate "2019.10.17"]
[SourceQuality "1"]
[WhiteTeam "Regensburg Fortuna II"]
[BlackTeam "Postbauer"]
[WhiteTeamCountry "GER"]
[BlackTeamCountry "GER"]

1. e4 c5 2. c3 d5 3. exd5 Qxd5 4. d4 Nc6 5. Nf3 Bg4 6. Be2 e6 7. 0-0 Nf6 8. Be3 cxd4 9. Nxd4 Bxe2 10. Qxe2 Nxd4 11. Bxd4 Be7 12. Rd1 Qc6 1/2-1/2

[Event "Regionalliga NO 0809"]
[Site "Bayern"]
[Date "2008.10.26"]
[Round "2.5"]
[White "Lutz, Thomas"]
[Black "Thanner, Hans Peter"]
[Result "0-1"]
[WhiteElo "1938"]
[BlackElo "2032"]
[PlyCount "79"]
[EventDate "2008.10.05"]
[EventType "team-tourn"]
[EventRounds "9"]
[EventCountry "GER"]
[SourceTitle "EXT 2020"]
[Source "ChessBase"]
[SourceDate "2019.10.17"]
[SourceVersion "1"]
[SourceVersionDate "2019.10.17"]
[SourceQuality "1"]
[WhiteTeam "Bechhofen"]
[BlackTeam "Regensburg Fortuna II"]
[WhiteTeamCountry "GER"]
[BlackTeamCountry "GER"]

1. d4 d5 2. c4 dxc4 3. Nc3 c5 4. e3 e6 5. Nf3 Nf6 6. Bxc4 a6 7. a4 Nc6 8. 0-0 Qc7 9. dxc5 Bxc5 10. Qe2 0-0 11. Rd1 b6 12. b3 Bb7 13. Bb2 Ne5 14. Nxe5 Qxe5 15. Nd5 Qg5 16. f4 Qh6 17. Nxf6+ gxf6 18. Bd4 Bxd4 19. Rxd4 b5 20. axb5 axb5 21. Rxa8 Rxa8 22. Bxb5 Qg6 23. Rd1 h5 24. Bd3 f5 25. Re1 Kh7 26. e4 Rg8 27. g3 h4 28. exf5 exf5 29. Qe5 Qb6+ 30. Kf1 hxg3 31. hxg3 Rxg3 32. Qxf5+ Kg7 33. Qh7+ Kf8 34. Qh8+ Rg8 35. Re8+ Kxe8 36. Qxg8+ Ke7 37. Qg5+ Kf8 38. Bc4 Qc6 39. Qd8+ Qe8 40. Qg5 0-1

[Event "Landesliga Nord 0708"]
[Site "Bayern"]
[Date "2007.11.04"]
[Round "2.6"]
[White "Frieser, Klaus"]
[Black "Thanner, Hans Peter"]
[Result "1/2-1/2"]
[WhiteElo "2130"]
[BlackElo "2048"]
[PlyCount "57"]
[EventDate "2007.10.21"]
[EventType "team-tourn"]
[EventRounds "9"]
[EventCountry "GER"]
[SourceTitle "EXT 2009"]
[Source "ChessBase"]
[SourceDate "2008.11.26"]
[SourceVersion "1"]
[SourceVersionDate "2008.11.26"]
[SourceQuality "1"]
[WhiteTeam "Kelheim"]
[BlackTeam "Regensburg Fortuna II"]
[WhiteTeamCountry "GER"]
[BlackTeamCountry "GER"]

1. d4 d5 2. Nf3 Nf6 3. c4 dxc4 4. e3 e6 5. Bxc4 c5 6. 0-0 a6 7. dxc5 Bxc5 8. Qxd8+ Kxd8 9. a3 Nc6 10. b4 Bd6 11. Bb2 b5 12. Be2 Bb7 13. Nbd2 Ke7 14. Nb3 Rac8 15. Rac1 Rhd8 16. Nc5 Bxc5 17. Rxc5 Nb8 18. Rfc1 Rxc5 19. Rxc5 Rc8 20. Rxc8 Bxc8 21. Ne5 Bb7 22. Bd4 Nbd7 23. Nd3 Ne8 24. f4 f5 25. Kf2 Nef6 26. Bf3 Ne4+ 27. Ke2 g6 28. Nf2 Kd6 29. Bxe4 1/2-1/2

[Event "Regionalliga NO 0405"]
[Site "Bayern"]
[Date "2005.03.13"]
[Round "8.3"]
[White "Thanner, Hans Peter"]
[Black "Woerl, Richard"]
[Result "1-0"]
[WhiteElo "2113"]
[BlackElo "1928"]
[PlyCount "97"]
[EventDate "2004.10.24"]
[EventType "team-tourn"]
[EventRounds "9"]
[EventCountry "GER"]
[SourceTitle "EXT 2007"]
[Source "ChessBase"]
[SourceDate "2006.11.23"]
[SourceVersion "1"]
[SourceVersionDate "2006.11.23"]
[SourceQuality "1"]
[WhiteTeam "Regensburg Fortuna III"]
[BlackTeam "Nuernberg Sued SW II"]
[WhiteTeamCountry "GER"]
[BlackTeamCountry "GER"]

1. e4 c5 2. c3 e5 3. Bc4 Nf6 4. Nf3 Nc6 5. Ng5 d5 6. exd5 Na5 7. Bb5+ Bd7 8. Qe2 Bd6 9. Bxd7+ Qxd7 10. c4 0-0 11. Nc3 e4 12. 0-0 Rae8 13. d3 exd3 14. Qxd3 Qg4 15. f4 h6 16. Nh3 Qg6 17. Qxg6 fxg6 18. b3 Ne4 19. Nxe4 Rxe4 20. Bd2 b6 21. Rae1 Rfe8 22. Rxe4 Rxe4 23. Re1 Rxe1+ 24. Bxe1 Nb7 25. Kf2 a6 26. Ke3 b5 27. Nf2 bxc4 28. bxc4 g5 29. fxg5 hxg5 30. g3 Be5 31. Ne4 Bd4+ 32. Kd3 Bf6 33. Bd2 Kf7 34. Bxg5 Bxg5 35. Nxg5+ Kf6 36. Ne4+ Kf5 37. h3 Ke5 38. Ke3 Kf5 39. g4+ Ke5 40. h4 Na5 41. Nd2 Nb7 42. Nf3+ Kf6 43. Kf4 Nd6 44. Ne5 g5+ 45. hxg5+ Kg7 46. Ke3 Kg8 47. Kd3 Kg7 48. Nd7 Nb7 49. Nf6 1-0

[Event "Regionalliga NO 0405"]
[Site "Bayern"]
[Date "2004.10.24"]
[Round "1.2"]
[White "Thanner, Hans Peter"]
[Black "Bauer, Andreas"]
[Result "1-0"]
[WhiteElo "2113"]
[BlackElo "2036"]
[PlyCount "105"]
[EventDate "2004.10.24"]
[EventType "team-tourn"]
[EventRounds "9"]
[EventCountry "GER"]
[SourceTitle "EXT 2007"]
[Source "ChessBase"]
[SourceDate "2006.11.23"]
[SourceVersion "1"]
[SourceVersionDate "2006.11.23"]
[SourceQuality "1"]
[WhiteTeam "Regensburg Fortuna III"]
[BlackTeam "Postbauer Heng"]
[WhiteTeamCountry "GER"]
[BlackTeamCountry "GER"]

1. e4 c5 2. c3 d6 3. d4 Nf6 4. dxc5 Nc6 5. Bc4 Nxe4 6. Bxf7+ Kxf7 7. Qh5+ Kg8 8. Qd5+ e6 9. Qxe4 d5 10. Qe3 b6 11. cxb6 axb6 12. Nf3 Bc5 13. Qe2 Qf6 14. Bg5 Qg6 15. b4 Bxb4 16. cxb4 Nxb4 17. 0-0 Ba6 18. Qd2 Bxf1 19. Qxb4 Bxg2 20. Kxg2 h6 21. Qg4 hxg5 22. Nxg5 Ra4 23. Qg3 Rxh2+ 24. Kxh2 Qh5+ 25. Nh3 Rh4 26. Nc3 Rg4 27. Qf3 Qe5+ 28. Kh1 Rc4 29. Rc1 d4 30. Qe2 Qc7 31. Qxe6+ Kf8 32. Re1 Qc6+ 33. Qxc6 Rxc6 34. Nb5 Rc2 35. Nxd4 Rxa2 36. Rb1 Ra6 37. Kg2 Kf7 38. Nf4 Kf6 39. Rxb6+ Rxb6 40. Nd5+ Ke5 41. Nxb6 Kxd4 42. Kf3 Kc5 43. Na4+ Kb4 44. Nb2 Kc3 45. Nd1+ Kd2 46. Ne3 Kd3 47. Nf5 g6 48. Ne7 g5 49. Kg4 Ke2 50. f3 Ke3 51. Nf5+ Kf2 52. Ng3 Ke3 53. Ne4 1-0

[Event "Regionalliga NO 0304"]
[Site "Bayern"]
[Date "2004.04.25"]
[Round "9.3"]
[White "Thanner, Hans Peter"]
[Black "Fischer, Erich"]
[Result "1/2-1/2"]
[WhiteElo "2090"]
[BlackElo "2086"]
[PlyCount "22"]
[EventDate "2003.10.??"]
[EventType "team-tourn"]
[EventRounds "9"]
[EventCountry "GER"]
[SourceTitle "EXT 2006"]
[Source "ChessBase"]
[SourceDate "2005.11.24"]
[SourceVersion "1"]
[SourceVersionDate "2005.11.24"]
[SourceQuality "1"]
[WhiteTeam "Regensburg Fortuna III"]
[BlackTeam "Postbauer Heng"]
[WhiteTeamCountry "GER"]
[BlackTeamCountry "GER"]

1. e4 d6 2. d4 Nf6 3. Bd3 g6 4. c3 Bg7 5. f4 0-0 6. Nf3 c5 7. e5 Nd5 8. Be4 dxe5 9. dxe5 e6 10. 0-0 Nc6 11. Qe2 Qc7 1/2-1/2

[Event "Regionalliga NO 0304"]
[Site "Bayern"]
[Date "2004.01.18"]
[Round "5.4"]
[White "Saathoff, Richard"]
[Black "Thanner, Hans Peter"]
[Result "0-1"]
[WhiteElo "2127"]
[BlackElo "2090"]
[PlyCount "100"]
[EventDate "2003.10.??"]
[EventType "team-tourn"]
[EventRounds "9"]
[EventCountry "GER"]
[SourceTitle "EXT 2006"]
[Source "ChessBase"]
[SourceDate "2005.11.24"]
[SourceVersion "1"]
[SourceVersionDate "2005.11.24"]
[SourceQuality "1"]
[WhiteTeam "Nuernberg Sued SW"]
[BlackTeam "Regensburg Fortuna III"]
[WhiteTeamCountry "GER"]
[BlackTeamCountry "GER"]

1. e4 e6 2. d4 d5 3. Nc3 Nf6 4. Bg5 Be7 5. e5 Nfd7 6. h4 a6 7. Qg4 Bxg5 8. hxg5 c5 9. g6 f5 10. Qf4 h6 11. 0-0-0 cxd4 12. Nce2 Nc6 13. Nxd4 Ndxe5 14. Nxc6 Nxc6 15. g4 0-0 16. gxf5 Rxf5 17. Qh2 Bd7 18. Nh3 Be8 19. Rg1 Rc8 20. f4 Nb4 21. c3 Nxa2+ 22. Kb1 Nxc3+ 23. bxc3 Rxc3 24. Qb2 Qa5 25. Rd4 Rh5 26. f5 Rhxh3 27. Bxh3 Rxh3 28. Qb4 Qxb4+ 29. Rxb4 exf5 30. Rxb7 Re3 31. Rb6 f4 32. Rf1 f3 33. Rxa6 Bb5 34. Ra8+ Re8 35. Rxe8+ Bxe8 36. Rxf3 Bxg6+ 37. Kc1 Be4 38. Rh3 Kh7 39. Kd2 g5 40. Ke3 Kg6 41. Rh2 h5 42. Rf2 h4 43. Rf8 Kh5 44. Kf2 Kg4 45. Rb8 h3 46. Rh8 d4 47. Re8 Kf4 48. Rf8+ Bf5 49. Rd8 d3 50. Rd4+ Be4 0-1

[Event "Regionalliga NO 0304"]
[Site "Bayern"]
[Date "2003.11.02"]
[Round "2.4"]
[White "Thanner, Hans Peter"]
[Black "Bildt, Thomas"]
[Result "1/2-1/2"]
[WhiteElo "2090"]
[BlackElo "2015"]
[PlyCount "109"]
[EventDate "2003.10.??"]
[EventType "team-tourn"]
[EventRounds "9"]
[EventCountry "GER"]
[SourceTitle "EXT 2006"]
[Source "ChessBase"]
[SourceDate "2005.11.24"]
[SourceVersion "1"]
[SourceVersionDate "2005.11.24"]
[SourceQuality "1"]
[WhiteTeam "Regensburg Fortuna III"]
[BlackTeam "Zirndorf II"]
[WhiteTeamCountry "GER"]
[BlackTeamCountry "GER"]

1. e4 e5 2. Nf3 Nc6 3. Bb5 a6 4. Bxc6 dxc6 5. Nc3 Qf6 6. d4 exd4 7. Qxd4 Bg4 8. Bg5 Qxd4 9. Nxd4 Bc5 10. Be3 Bb4 11. Bd2 0-0-0 12. Nde2 f6 13. f3 Be6 14. Be3 Ne7 15. a3 Bxc3+ 16. Nxc3 Ng6 17. f4 Bf7 18. Kf2 Rd6 19. Rad1 Rhd8 20. g4 Nf8 21. h4 Ne6 22. f5 Rxd1 23. Rxd1 Nf8 24. Rxd8+ Kxd8 25. Bf4 Nd7 26. Ke3 h6 27. g5 hxg5 28. hxg5 Nb6 29. b3 c5 30. e5 Nd5+ 31. Nxd5 Bxd5 32. c4 Bg2 33. exf6 gxf6 34. g6 Ke7 35. Bxc7 Kf8 36. Bd6+ Kg7 37. Bxc5 Bc6 38. Bb6 Bd7 39. Kf4 Bc6 40. b4 Ba4 41. Bd8 Bb3 42. c5 Bc2 43. Be7 Ba4 44. Bd6 Bc2 45. c6 bxc6 46. Bc5 Ba4 47. Be7 Bc2 48. Bd6 Ba4 49. Ke4 Bc2+ 50. Kd4 Bxf5 51. Kc5 Bc2 52. Kb6 Bd3 53. a4 Bc2 54. b5 cxb5 55. axb5 1/2-1/2

[Event "Regionalliga NO 0203"]
[Site "Bayern"]
[Date "2003.03.09"]
[Round "8.8"]
[White "Gnan, Peter"]
[Black "Thanner, Hans Peter"]
[Result "0-1"]
[WhiteElo "1545"]
[BlackElo "2071"]
[PlyCount "88"]
[EventDate "2002.10.20"]
[EventType "team-tourn"]
[EventRounds "9"]
[EventCountry "GER"]
[SourceTitle "EXT 2004"]
[Source "ChessBase"]
[SourceDate "2003.11.25"]
[SourceVersion "1"]
[SourceVersionDate "2003.11.25"]
[SourceQuality "1"]
[WhiteTeam "Erlangen"]
[BlackTeam "Regensburg Fortuna II"]
[WhiteTeamCountry "GER"]
[BlackTeamCountry "GER"]

1. c4 e6 2. Nc3 d5 3. cxd5 exd5 4. d4 c6 5. Nf3 Bf5 6. g3 Bd6 7. Bg2 Nd7 8. 0-0 Ngf6 9. Bg5 h6 10. Bd2 0-0 11. Qb3 Qb6 12. Rac1 Rfe8 13. Rfe1 Ne4 14. e3 g5 15. Na4 Qxb3 16. axb3 Bg6 17. Nc3 Bh5 18. Rc2 Bg6 19. Rcc1 Re6 20. Red1 Bh5 21. h3 f5 22. Rc2 Rf8 23. Rdc1 f4 24. g4 Bg6 25. Be1 Nxc3 26. Rxc3 Bb4 27. Bd2 Bxc3 28. Rxc3 fxe3 29. Bxe3 Be4 30. Nd2 Bxg2 31. Kxg2 Nf6 32. b4 a6 33. Nf3 Nd7 34. Nd2 Nb6 35. b3 Kh7 36. Nf3 Nd7 37. Nd2 Kg6 38. Nf3 Ree8 39. Nd2 h5 40. Nf3 hxg4 41. hxg4 Re4 42. Kg3 Nf6 43. Ne5+ Rxe5 44. dxe5 Ne4+ 0-1

[Event "Regionalliga NO 0102"]
[Site "Bayern"]
[Date "2002.04.28"]
[Round "9.7"]
[White "Thanner, Hans Peter"]
[Black "Wittmann, Guenter"]
[Result "1/2-1/2"]
[WhiteElo "2100"]
[BlackElo "1935"]
[PlyCount "97"]
[EventDate "2001.10.07"]
[EventType "team-tourn"]
[EventRounds "9"]
[EventCountry "GER"]
[SourceTitle "EXT 2003"]
[Source "ChessBase"]
[SourceDate "2002.11.25"]
[SourceVersion "1"]
[SourceVersionDate "2002.11.25"]
[SourceQuality "1"]
[WhiteTeam "Regensburg II"]
[BlackTeam "Regensburg Eulenspiegel"]
[WhiteTeamCountry "GER"]
[BlackTeamCountry "GER"]

1. e4 e6 2. d4 d5 3. Nd2 dxe4 4. Nxe4 Nd7 5. Nf3 Ngf6 6. Nxf6+ Nxf6 7. c3 Be7 8. Bf4 0-0 9. Bd3 b6 10. Qe2 Bb7 11. 0-0-0 Nd5 12. Bd2 Qd6 13. Qe4 f5 14. Qe5 Bf6 15. Qxd6 cxd6 16. Rhe1 Rfe8 17. Re2 Nc7 18. Ne1 Rad8 19. f3 g6 20. Bc4 Kg7 21. Bf4 b5 22. Bb3 Nd5 23. Bg3 e5 24. Nc2 Bc6 25. h4 a5 26. Bxd5 Bxd5 27. dxe5 dxe5 28. Red2 Bxa2 29. Rxd8 Rxd8 30. Rxd8 Bxd8 31. Bxe5+ Kf7 32. g3 Bd5 33. Nd4 b4 34. Kd2 Bb6 35. f4 Bc5 36. cxb4 Bxb4+ 37. Ke3 Be1 38. Ne2 Bc4 39. Bc3 Bxe2 40. Bxe1 Bb5 41. Bxa5 Ke6 42. Kd4 Kd6 43. Bb4+ Kc7 44. Kd5 h5 45. Ke6 Kc6 46. g4 fxg4 47. f5 gxf5 48. Kxf5 Kd5 49. Kf4 1/2-1/2

[Event "Regionalliga NO 0001"]
[Site "Bayern"]
[Date "2001.04.29"]
[Round "9"]
[White "Mares, Vaclav"]
[Black "Thanner, Hans Peter"]
[Result "1-0"]
[WhiteElo "2015"]
[BlackElo "2155"]
[PlyCount "109"]
[EventDate "2000.10.15"]
[EventType "team-tourn"]
[EventRounds "9"]
[EventCountry "GER"]
[SourceTitle "EXT 2020"]
[Source "ChessBase"]
[SourceDate "2019.10.17"]
[SourceVersion "1"]
[SourceVersionDate "2019.10.17"]
[SourceQuality "1"]
[WhiteTeam "Koetzting"]
[BlackTeam "Regensburg Fortuna II"]
[WhiteTeamCountry "GER"]
[BlackTeamCountry "GER"]

1. e4 e6 2. d4 d5 3. exd5 exd5 4. Bd3 Nc6 5. c3 Bd6 6. Nf3 Bg4 7. 0-0 Qd7 8. Nbd2 0-0-0 9. b4 Nf6 10. Qa4 Kb8 11. b5 Ne7 12. Ne5 Bxe5 13. dxe5 Ne4 14. Nxe4 dxe4 15. Bxe4 Be2 16. Be3 a6 17. Rfb1 Bxb5 18. Qb3 Bc6 19. Bxc6 Qxc6 20. Bg5 Rd7 21. Rb2 Nc8 22. Rab1 b6 23. c4 Rd4 24. Rc1 Rg4 25. f4 Qc5+ 26. Rf2 h6 27. Qf3 Rxg5 28. fxg5 Qxe5 29. Qf4 Qxf4 30. Rxf4 Nd6 31. gxh6 Rxh6 32. c5 bxc5 33. Rxc5 Re6 34. Rb4+ Kc8 35. h3 Re2 36. Ra5 Kd7 37. Rxa6 c5 38. Rb3 c4 39. Rc3 Rd2 40. a4 Rd3 41. Rxd3 cxd3 42. Kf2 Nc4 43. Kf3 Kc7 44. Ra7+ Kb6 45. Re7 Ka5 46. Rc7 Ne5+ 47. Ke3 Kxa4 48. Re7 f6 49. Rxg7 Kb5 50. Rc7 Nc6 51. Kxd3 Kb6 52. Rxc6+ Kxc6 53. Ke4 Kd6 54. Kf5 Ke7 55. Kg6 1-0

[Event "Regionalliga NO 0001"]
[Site "Bayern"]
[Date "2001.03.11"]
[Round "7"]
[White "Reiser, Wolfgang"]
[Black "Thanner, Hans Peter"]
[Result "1/2-1/2"]
[WhiteElo "2090"]
[BlackElo "2150"]
[PlyCount "51"]
[EventDate "2000.10.15"]
[EventType "team-tourn"]
[EventRounds "9"]
[EventCountry "GER"]
[SourceTitle "EXT 2020"]
[Source "ChessBase"]
[SourceDate "2019.10.17"]
[SourceVersion "1"]
[SourceVersionDate "2019.10.17"]
[SourceQuality "1"]
[WhiteTeam "Nuernberg Noris Tarrasch II"]
[BlackTeam "Regensburg Fortuna II"]
[WhiteTeamCountry "GER"]
[BlackTeamCountry "GER"]

1. e4 e6 2. d4 d5 3. Nd2 c5 4. exd5 Qxd5 5. Ngf3 cxd4 6. Bc4 Qd6 7. 0-0 Nf6 8. Nb3 Nc6 9. Nbxd4 Nxd4 10. Qxd4 Bd7 11. Be3 Qxd4 12. Bxd4 Rc8 13. Ne5 Bd6 14. Nxd7 Kxd7 15. Bb5+ Kc7 16. Rfd1 Rhd8 17. Rd3 a6 18. Ba4 e5 19. Be3 Ng4 20. Rc3+ Kb8 21. Rxc8+ Kxc8 22. Bb6 Bc7 23. Bxc7 Kxc7 24. h3 Nh6 25. Re1 f6 26. Kf1 1/2-1/2

[Event "Regionalliga NO 0001"]
[Site "Bayern"]
[Date "2000.12.10"]
[Round "3.5"]
[White "Lutz, Dieter"]
[Black "Thanner, Hans Peter"]
[Result "1-0"]
[WhiteElo "2045"]
[BlackElo "2155"]
[PlyCount "121"]
[EventDate "2000.10.15"]
[EventType "team-tourn"]
[EventRounds "9"]
[EventCountry "GER"]
[SourceTitle "EXT 2020"]
[Source "ChessBase"]
[SourceDate "2019.10.17"]
[SourceVersion "1"]
[SourceVersionDate "2019.10.17"]
[SourceQuality "1"]
[WhiteTeam "Postbauer"]
[BlackTeam "Regensburg Fortuna II"]
[WhiteTeamCountry "GER"]
[BlackTeamCountry "GER"]

1. e4 e6 2. d4 d5 3. Nd2 c5 4. exd5 Qxd5 5. Ngf3 cxd4 6. Bc4 Qd6 7. 0-0 Nf6 8. Nb3 Nc6 9. Nbxd4 Nxd4 10. Qxd4 Qxd4 11. Nxd4 Bd7 12. Be2 0-0-0 13. Bf4 Bc5 14. Nb3 Bb6 15. Bf3 Nd5 16. Bxd5 exd5 17. Be5 Rde8 18. Bd4 Bxd4 19. Nxd4 Re4 20. c3 Rhe8 21. f3 R4e5 22. Kf2 Kc7 23. Rfe1 Kd6 24. Rxe5 Rxe5 25. Rd1 a6 26. Rd2 g6 27. Nc2 Bc6 28. Ne3 Kc5 29. Nc2 a5 30. Nd4 Bd7 31. h3 b5 32. g4 Kd6 33. Nc2 h5 34. Ne3 hxg4 35. hxg4 Bc6 36. c4 Kc5 37. cxd5 Bd7 38. Rd3 f5 39. gxf5 gxf5 40. Kg3 Re8 41. Kf4 Rh8 42. Rd2 Rh4+ 43. Ke5 f4 44. Ng2 Rh5+ 45. Ke4 Kd6 46. Nxf4 Re5+ 47. Kd4 Be8 48. Re2 Rxe2 49. Nxe2 b4 50. Ng3 a4 51. Ne4+ Ke7 52. a3 bxa3 53. bxa3 Bh5 54. f4 Bd1 55. d6+ Kd7 56. Ke5 Bb3 57. f5 Bc2 58. Nc5+ Kc6 59. d7 Kc7 60. f6 Bb3 61. Ne6+ 1-0